| 000 | 003520000a22001570004500 | ||
|---|---|---|---|
| 001 | 001219 | ||
| 003 | MACL | ||
| 040 | _aMACL | ||
| 090 |
_c1219 _d1219 |
||
| 100 | _aGeden, A.S. | ||
| 245 |
_aThe Philosophy of the Upanishands _cA.S. Geden |
||
| 260 |
_aMotilal Banarasidas Publishers, _c1999 |
||
| 350 | _a225 | ||
| 650 | _aReligion | ||
| 942 |
_k295 _cBook |
||
| 999 |
_c1214 _d1214 |
||